000
00308nam a22001337a 4500
008
170615b xxu||||| |||| 00| 0 eng d
020
_a
9780964948846
041
_a
eng
080
_a
32
100
_a
19
101
_a
SHP
245
_a
INSIDE U.S EMASY DIPLOMACY AT WORK
_c
DORMAN.SH
942
_2
udc
_c
BK
999
_c
17532
_d
17532